000 00920nas a2200289 4500
001 BR0805787
003 BR-BrBNA
005 20231205112017.0
007 ta
008 230509b bl.|||p| |||| 00| 00por d
040 _aBR-BrBNA
_bpor
_cBiblioteca Nacional de Agricultura
041 _a(Pt)
072 _aL72; P01
100 1 _aCardozo, R.M.
100 1 _aMoraes, G.V.
100 1 _aAraújo, D.N.
100 1 _aBarbosa, M.J.B.
100 1 _aSouza, V.L.F.
245 1 _aRelação entre carga parasitária e ganho de peso em capivaras jovens (Hydrochaeris hydrochaeris L. 1766)criadas em regime de semi-confinamento
650 _aCAPIVARA
650 _aPARASITO DE ANIMAL
650 _aMANEJO
650 _aANTI-HELMÍNTICO
773 0 _tA Hora Veterinária (Brazil)
_xISSN 0101-9163
_g(Mar-Apr 2008), v. 27(162) p. 61-63
_wBR0805787
909 _a202311
_bLúcia
_c55
_dLúcia Elande
942 _2AGRIS
_n0
_cANA
999 _c195617
_d195617